000
00337 a2200157 4500
001
176080
020
_a
040
_c
Magnum
100
_a
Moraes, Antonio Carlos Robert
240
1
0
_a
A fazenda de cafe
_l
por
245
1
0
_a
A fazenda de cafe
362
0
_a
1899
440
1
_a
Ática
697
_a
MAGNITO: PARADIDATICO
942
_c
BK
999
_c
176080
_d
176080